000 00516nam a2200169Ia 4500
008 110201s9999 xx 000 0 und d
082 _bB3811
_aK 1581
100 _aरांजणकर यशवंत
245 _aचण्डिमठ
260 _bअजिंक्य प्रकाशन
365 _b50
600 _aरांजणकर यशवंत
630 _aचण्डिमठ
700 _aरांजणकर यशवंत
730 _aचण्डिमठ
942 _cBOOK
999 _c830356
_d830353